| 000 | 00517nam a2200181 a 4500 | ||
|---|---|---|---|
| 005 | 20140310183227.0 | ||
| 008 | 040308s19uu xx 00 eng d | ||
| 020 | _a0345325613 | ||
| 050 |
_aPS 3553.H247 _b.C436 1987 |
||
| 100 | _aChalker, Charles L. | ||
| 245 |
_aPirates of the thunder / _cJack L. Chalker. |
||
| 260 |
_aNew York : _bBallantine Books, _c1987. |
||
| 300 |
_a307 p. : _c17cm. |
||
| 500 | _a"Book two of the rings of the master" | ||
| 650 | _aFantasy Fiction | ||
| 942 |
_cBK _2lcc |
||
| 999 |
_c20424 _d20424 |
||